[Event "C.to Provinciale PD-RO"]
[Site "Monselice ITA"]
[Date "2008.01.12"]
[Round "2"]
[White "Sinato, Fabrizio"]
[Black "Chinello, Gianmarco"]
[Result "1/2-1/2"]
[WhiteElo "1854"]
[BlackElo "2044"]
[PlyCount "91"]
[EventDate "2008.01.11"]

1. e4 e5 2. Nf3 Nc6 3. Bb5 f5 4. d4 exd4 5. O-O fxe4 6. Nxd4 Nf6 7. Bg5 Be7 8.
Nc3 Nxd4 9. Qxd4 c6 10. Ba4 b5 11. Bb3 d5 12. Qe5 Qd6 13. Bxf6 Qxf6 14. Qh5+ g6
15. Qe2 a5 16. a3 Ba6 17. Qd2 b4 18. Ne2 Qxb2 19. Rfb1 Qf6 20. axb4 Bxb4 21. c3
Bxe2 22. cxb4 Bd3 23. Re1 O-O 24. bxa5 Rab8 25. Ra3 Rf7 26. h3 Rbf8 27. a6
Qxf2+ 28. Qxf2 Rxf2 29. a7 Rb2 30. a8=Q Rxa8 31. Rxa8+ Kg7 32. Ba2 d4 33. Ra7+
Kh6 34. h4 e3 35. Bg8 g5 36. hxg5+ Kxg5 37. Bxh7 Bxh7 38. Rxh7 d3 39. Rxe3 d2
40. Rd3 Rb1+ 41. Kf2 d1=Q 42. Rxd1 Rxd1 43. Ke2 Rd6 44. Kf3 Re6 45. Rf7 Kg6 46.
Rf8 1/2-1/2

[Event "C.to Provinciale PD-RO"]
[Site "Monselice ITA"]
[Date "2008.01.12"]
[Round "2"]
[White "Zanirato, Stefano"]
[Black "Belloni, Umberto"]
[Result "1-0"]
[WhiteElo "1943"]
[BlackElo "1912"]
[PlyCount "131"]
[EventDate "2008.01.11"]

1. e4 e6 2. d4 d5 3. Bd3 Nf6 4. Bg5 Be7 5. e5 Nfd7 6. Bxe7 Qxe7 7. c3 c5 8. Nf3
h6 9. h4 Nc6 10. Nbd2 cxd4 11. cxd4 Qb4 12. Qb3 Qb6 13. Qxb6 axb6 14. Nb3 Nb4
15. Bb1 Nc6 16. a3 Ndb8 17. Kd2 Bd7 18. Bd3 Ke7 19. Rac1 Rc8 20. Rc3 Na5 21.
Nxa5 Rxc3 22. Kxc3 bxa5 23. b3 Nc6 24. Kb2 Rc8 25. Rc1 Na7 26. Rxc8 Bxc8 27. b4
axb4 28. axb4 Bd7 29. Ne1 Kd8 30. Nc2 Kc7 31. g4 Nc8 32. f4 Ne7 33. Ne3 Ng6 34.
Ng2 Ne7 35. h5 Kd8 36. Ne3 Nc6 37. Kc3 Ne7 38. g5 hxg5 39. fxg5 Ke8 40. h6 gxh6
41. gxh6 Kf8 42. Ng4 Ng6 43. b5 Nh8 44. b6 Ke7 45. Kb4 Kd8 46. Kc5 Ke7 47. Kb4
Kd8 48. Kc5 Ke7 49. Nf6 Ba4 50. Ba6 Bc6 51. Bb5 Bxb5 52. Kxb5 Ng6 53. Kc5 Nh8
54. h7 Ng6 55. Ng8+ Kd7 56. Nh6 Nh8 57. Ng4 Ke7 58. Nf2 Kd7 59. Nd3 Ke7 60. Nb4
Kd7 61. Kb5 Kc8 62. Nd3 Kb8 63. Kc5 Kc8 64. Kd6 Kd8 65. Nc5 Kc8 66. Ke7 1-0

[Event "C.to Provinciale PD-RO"]
[Site "Monselice ITA"]
[Date "2008.01.12"]
[Round "3"]
[White "Alfier, Cecilia"]
[Black "Rosina, Graziano"]
[Result "0-1"]
[WhiteElo "1263"]
[BlackElo "1776"]
[PlyCount "58"]
[EventDate "2008.01.11"]

1. e4 e5 2. Nf3 Nf6 3. Nc3 Nc6 4. Bb5 Bb4 5. a3 Bxc3 6. dxc3 d6 7. Bg5 O-O 8.
O-O Qe7 9. Qe2 Nd8 10. h3 Ne6 11. Bxf6 Qxf6 12. Qd2 Nf4 13. Ne1 Qg6 14. Kh2
Qxe4 15. f3 Qg6 16. Nd3 Nh5 17. g4 Nf6 18. Nf2 Nd7 19. Bd3 Qf6 20. Ne4 Qf4+ 21.
Qxf4 exf4 22. Rae1 Ne5 23. Nf2 Nxf3+ 24. Kg2 Nxe1+ 25. Rxe1 Be6 26. Bf5 Bd5+
27. Be4 Rfe8 28. h4 Bxe4+ 29. Nxe4 d5 0-1

[Event "C.to Provinciale PD-RO"]
[Site "Monselice ITA"]
[Date "2008.01.12"]
[Round "3"]
[White "Bagolin, Renzo"]
[Black "Quaranta, Cristiano"]
[Result "0-1"]
[WhiteElo "1866"]
[BlackElo "2088"]
[PlyCount "76"]
[EventDate "2008.01.11"]

1. c4 e5 2. Nc3 Nc6 3. d3 f5 4. Nf3 Nf6 5. g3 Bb4 6. Bd2 O-O 7. Bg2 d6 8. O-O
Bxc3 9. Bxc3 Qe8 10. Nd2 Qh5 11. e3 Qh6 12. b4 Ng4 13. h3 Nxe3 14. fxe3 Qxe3+
15. Kh1 Qxg3 16. Rf3 Qh4 17. Qe1 Qh6 18. b5 Ne7 19. Qf1 f4 20. Kg1 Nf5 21. Ne4
Nh4 22. Be1 Nxf3+ 23. Qxf3 g5 24. a4 Qg6 25. Kh1 g4 26. hxg4 Bxg4 27. Qf2 Rf5
28. Ra2 Rh5+ 29. Kg1 f3 30. Qg3 fxg2 31. Rxg2 Bh3 32. Nf6+ Kh8 33. Nxh5 Bxg2
34. Qxg6 hxg6 35. Nf6 Bf3 36. Bc3 Kg7 37. Nd5 Bxd5 38. cxd5 a6 0-1

[Event "C.to Provinciale PD-RO"]
[Site "Monselice ITA"]
[Date "2008.01.12"]
[Round "3"]
[White "Calicchia, Giovanni"]
[Black "Zanirato, Stefano"]
[Result "1-0"]
[WhiteElo "1790"]
[BlackElo "1943"]
[PlyCount "75"]
[EventDate "2008.01.11"]

1. e4 Nc6 2. d4 d5 3. e5 a6 4. Nf3 Bf5 5. Bd3 Bxd3 6. Qxd3 e6 7. a3 Be7 8. Be3
g5 9. h3 h5 10. c4 Nh6 11. cxd5 Qxd5 12. Nc3 Qd8 13. O-O-O g4 14. Nh2 g3 15.
Bxh6 Bg5+ 16. Bxg5 Qxg5+ 17. Qe3 Qxe3+ 18. fxe3 gxh2 19. Rxh2 Ke7 20. h4 Rhg8
21. Ne4 Rg6 22. Rf1 Rh8 23. Kd2 Nd8 24. g3 Rh7 25. Rhf2 Rhg7 26. Rf6 Kf8 27.
Rxg6 Rxg6 28. b4 Ke7 29. Ng5 f6 30. exf6+ Rxf6 31. Rxf6 Kxf6 32. e4 Nc6 33. Ke3
b5 34. Nxe6 Kxe6 35. d5+ Kd6 36. dxc6 Kxc6 37. g4 hxg4 38. h5 1-0

[Event "C.to Provinciale PD-RO"]
[Site "Monselice ITA"]
[Date "2008.01.12"]
[Round "3"]
[White "Chinello, Gianmarco"]
[Black "Liberi, Michele"]
[Result "1-0"]
[WhiteElo "2044"]
[BlackElo "1593"]
[PlyCount "35"]
[EventDate "2008.01.11"]

1. e4 g6 2. Nc3 Bg7 3. f4 d6 4. Nf3 c5 5. d3 Nc6 6. Be2 Nf6 7. O-O O-O 8. Qe1
a6 9. Qh4 e6 10. f5 Nh5 11. Bg5 Bf6 12. g4 Bxg5 13. Nxg5 Nf6 14. e5 Nxe5 15.
Nge4 Re8 16. fxg6 Nxe4 17. Qxh7+ Kf8 18. Rxf7+ 1-0

[Event "C.to Provinciale PD-RO"]
[Site "Monselice ITA"]
[Date "2008.01.12"]
[Round "3"]
[White "Ferrari, Mario"]
[Black "Meggiorin, Orlando"]
[Result "1-0"]
[WhiteElo "1842"]
[BlackElo "1511"]
[PlyCount "65"]
[EventDate "2008.01.11"]

1. e4 e6 2. d4 d5 3. Nc3 Bb4 4. e5 c5 5. Bd2 cxd4 6. Nb5 Be7 7. Nf3 Nc6 8.
Nbxd4 Nxd4 9. Nxd4 a6 10. Qg4 g6 11. Bd3 Qb6 12. Nb3 Bc5 13. Nxc5 Qxc5 14. Bb4
Qb6 15. Ba3 Bd7 16. O-O O-O-O 17. Bd6 h5 18. Qf4 Nh6 19. c4 dxc4 20. Qxc4+ Bc6
21. Rac1 Nf5 22. Bc5 Qc7 23. Rfe1 Rd7 24. b4 Rhd8 25. Bxf5 gxf5 26. Bd6 Rxd6
27. exd6 Rxd6 28. a4 Rd5 29. b5 axb5 30. axb5 Rxb5 31. Red1 Rd5 32. Qb4 Qd6 33.
Qxd6 1-0

[Event "C.to Provinciale PD-RO"]
[Site "Monselice ITA"]
[Date "2008.01.12"]
[Round "3"]
[White "Franco, Alessandro"]
[Black "Belloni, Umberto"]
[Result "1/2-1/2"]
[WhiteElo "1679"]
[BlackElo "1912"]
[PlyCount "114"]
[EventDate "2008.01.11"]

1. d4 d5 2. c4 c6 3. Nc3 e6 4. Nf3 Bd6 5. g3 Nd7 6. Bg2 f5 7. c5 Be7 8. b4 Ngf6
9. a4 a6 10. O-O Nf8 11. Bg5 h6 12. Bxf6 Bxf6 13. b5 Bd7 14. Qb3 Ng6 15. bxa6
bxa6 16. a5 Rb8 17. Qc2 Ne7 18. Qd3 Bc8 19. Rfb1 Rxb1+ 20. Qxb1 O-O 21. e3 g5
22. Bf1 g4 23. Ne1 e5 24. Nc2 exd4 25. exd4 Qc7 26. Qb6 Qb7 27. Qxb7 Bxb7 28.
Rb1 Ba8 29. Bxa6 f4 30. Bb7 fxg3 31. hxg3 Nf5 32. Ne2 Bxb7 33. Rxb7 Ra8 34. Rb6
Rxa5 35. Rxc6 Bg7 36. Ne3 Nxd4 37. Nxd4 Bxd4 38. Nxg4 h5 39. Ne3 Rxc5 40. Rxc5
Bxc5 41. Nxd5 Kg7 42. Kg2 Kg6 43. Nf4+ Kh6 44. f3 Ba7 45. Kh3 Bd4 46. Nd5 Be5
47. Kh4 Kg6 48. Nf4+ Kh6 49. Nd5 Kg6 50. f4 Bd6 51. Kh3 Bc5 52. Kg2 Ba7 53. Kf3
Bb8 54. Ke4 Bd6 55. f5+ Kg5 56. f6 Kg6 57. Kf3 Be5 1/2-1/2

[Event "C.to Provinciale PD-RO"]
[Site "Monselice ITA"]
[Date "2008.01.12"]
[Round "3"]
[White "Temporin, Alberto"]
[Black "Sinato, Fabrizio"]
[Result "0-1"]
[WhiteElo "1865"]
[BlackElo "1854"]
[PlyCount "105"]
[EventDate "2008.01.11"]

1. e4 c5 2. Bc4 e6 3. Nc3 Nc6 4. Nf3 d6 5. h3 Nf6 6. O-O Be7 7. a3 O-O 8. d3 a6
9. a4 b6 10. Nh2 Bb7 11. f4 d5 12. exd5 exd5 13. Ba2 Re8 14. Ng4 Nd4 15. Nxf6+
Bxf6 16. f5 Qd7 17. Bb3 Re7 18. Qg4 Nxb3 19. cxb3 Bd4+ 20. Kh1 f6 21. Bd2 Rae8
22. Rae1 Rxe1 23. Rxe1 Rxe1+ 24. Bxe1 Qe7 25. Qg3 Be5 26. Qg4 Bc7 27. Ne2 d4
28. Bh4 Be5 29. Nf4 Qf7 30. Ne6 Bd5 31. Nd8 Qe7 32. Ne6 Bxb3 33. Qe4 Bxe6 34.
fxe6 Qxe6 35. Bg3 a5 36. Qa8+ Kf7 37. Qb7+ Kg6 38. Bxe5 fxe5 39. Qf3 Qf5 40.
Qc6+ Qf6 41. Qe8+ Kg5 42. Qd7 Qf1+ 43. Kh2 Qxd3 44. Qxg7+ Kf4 45. Qh6+ Ke4 46.
Qxh7+ Ke3 47. Qh6+ Ke2 48. Qh5+ Ke1 49. Qxe5+ Qe3 50. Qd6 d3 51. Qxb6 d2 52.
Qxa5 Kf1 53. Qd8 0-1

[Event "C.to Provinciale PD-RO"]
[Site "Monselice ITA"]
[Date "2008.01.13"]
[Round "4"]
[White "Calicchia, Giovanni"]
[Black "Ferrari, Mario"]
[Result "1/2-1/2"]
[WhiteElo "1790"]
[BlackElo "1842"]
[PlyCount "39"]
[EventDate "2008.01.11"]

1. e4 d5 2. exd5 Nf6 3. Nc3 Nxd5 4. Nxd5 Qxd5 5. Nf3 Bf5 6. Be2 Nc6 7. c3 e6 8.
d4 Be7 9. O-O h6 10. Re1 O-O 11. Bf4 Bd6 12. Bxd6 cxd6 13. Qa4 Be4 14. Qd1 Ne7
15. Qd2 Rac8 16. b3 Ng6 17. Qe3 Qf5 18. Nd2 Bc6 19. Bf3 a6 20. Bxc6 1/2-1/2

[Event "C.to Provinciale PD-RO"]
[Site "Monselice ITA"]
[Date "2008.01.13"]
[Round "4"]
[White "Liberi, Michele"]
[Black "Rosina, Graziano"]
[Result "1-0"]
[WhiteElo "1593"]
[BlackElo "1776"]
[PlyCount "55"]
[EventDate "2008.01.11"]

1. d4 d6 2. e4 Nf6 3. Nc3 g6 4. f4 Bg7 5. Nf3 O-O 6. Be3 Nbd7 7. h3 Nh5 8. Bd3
Ng3 9. Rg1 e5 10. Qd2 exd4 11. Bxd4 Bxd4 12. Nxd4 Nc5 13. O-O-O Nxd3+ 14. Qxd3
Qh4 15. Qf3 g5 16. f5 a6 17. Rd3 Qf4+ 18. Qxf4 gxf4 19. Rf3 c5 20. Nde2 Nxe2+
21. Nxe2 d5 22. exd5 Bxf5 23. Nxf4 Be4 24. Re3 f5 25. g4 Kf7 26. Ne6 Rg8 27.
Rf1 b6 28. Rxe4 1-0

[Event "C.to Provinciale PD-RO"]
[Site "Monselice ITA"]
[Date "2008.01.13"]
[Round "4"]
[White "Meggiorin, Orlando"]
[Black "Temporin, Alberto"]
[Result "0-1"]
[WhiteElo "1511"]
[BlackElo "1865"]
[PlyCount "82"]
[EventDate "2008.01.11"]

1. e4 e5 2. Nf3 d6 3. d3 Nf6 4. Bg5 Be7 5. Nbd2 Bg4 6. Be2 Nbd7 7. h3 Be6 8. c4
a5 9. O-O O-O 10. Nh2 h6 11. Bxf6 Bxf6 12. Bg4 Qe7 13. Bxe6 Qxe6 14. Ng4 Bg5
15. Nf3 Be7 16. b3 Nc5 17. Re1 f5 18. exf5 Qxf5 19. d4 Nd3 20. Ne3 Qg6 21. Nd5
Bd8 22. Re3 e4 23. Rxd3 exd3 24. Kf1 c6 25. Ne3 Qe4 26. Qd2 Bb6 27. Rd1 Bxd4
28. Nxd4 Qxd4 29. Qxd3 Qxd3+ 30. Rxd3 Rad8 31. a4 Rf7 32. f3 Rfd7 33. Kf2 g6
34. Kg3 Kg7 35. Ng4 h5 36. Nf2 d5 37. c5 Re8 38. Kf4 Rf7+ 39. Kg3 Rfe7 40. Kf4
Re2 41. Kg3 h4+ 0-1

[Event "C.to Provinciale PD-RO"]
[Site "Monselice ITA"]
[Date "2008.01.13"]
[Round "4"]
[White "Sinato, Fabrizio"]
[Black "Bagolin, Renzo"]
[Result "0-1"]
[WhiteElo "1854"]
[BlackElo "1866"]
[PlyCount "112"]
[EventDate "2008.01.11"]

1. e4 e5 2. Nf3 Nc6 3. Bb5 a6 4. Ba4 Nf6 5. O-O b5 6. Bb3 Be7 7. Re1 d6 8. c3
Bg4 9. d3 O-O 10. Nbd2 Na5 11. Bc2 c5 12. h3 Bh5 13. Nf1 Nc6 14. Ne3 Bg6 15. b3
b4 16. cxb4 Nxb4 17. Bb2 Nc6 18. Qd2 Rb8 19. Nc4 Qd7 20. Kh2 Nh5 21. g3 Nf6 22.
Bc3 Ne8 23. g4 Nc7 24. Ne3 Ne6 25. Nd5 f6 26. Nh4 Ng5 27. f4 exf4 28. Nxf4 Ne5
29. Kg3 Bf7 30. Nf5 Ngf3 31. Qe3 Nxe1 32. Rxe1 Be6 33. d4 cxd4 34. Bxd4 Rfc8
35. Re2 Kh8 36. Bd3 Nxd3 37. Qxd3 Bxf5 38. gxf5 Qc6 39. Qf3 Kg8 40. Qg4 Qe8 41.
Rg2 Qf7 42. Kh2 Rb4 43. Ne6 Bf8 44. Qh4 Kh8 45. Qf2 Re8 46. Qe1 a5 47. Bc3 Rb5
48. Qe2 Reb8 49. Bxa5 Rxa5 50. Qd3 Re5 51. Qc4 Rc5 52. Qd4 Rc1 53. b4 Rbc8 54.
Qb2 d5 55. exd5 Bd6+ 56. Rg3 R8c2+ 0-1

[Event "C.to Provinciale PD-RO"]
[Site "Monselice ITA"]
[Date "2008.01.13"]
[Round "4"]
[White "Zanirato, Stefano"]
[Black "Franco, Alessandro"]
[Result "1-0"]
[WhiteElo "1943"]
[BlackElo "1679"]
[PlyCount "49"]
[EventDate "2008.01.11"]

1. e4 e6 2. d4 d5 3. Bd3 c5 4. c3 Nf6 5. e5 Nfd7 6. Nf3 Nc6 7. O-O Qb6 8. a3
cxd4 9. Re1 dxc3 10. Nxc3 g6 11. Na4 Qc7 12. Bf4 Bg7 13. Rc1 O-O 14. b4 Qb8 15.
Qe2 Ne7 16. Nc5 b6 17. Na6 Bxa6 18. Bxa6 Qe8 19. Rc7 Nb8 20. Bb7 Qa4 21. Rxe7
Qxa3 22. Bxa8 Qxb4 23. Bg5 a5 24. Ra7 a4 25. Be7 1-0

[Event "C.to Provinciale PD-RO"]
[Site "Monselice ITA"]
[Date "2008.01.13"]
[Round "5"]
[White "Alfier, Cecilia"]
[Black "Zanirato, Stefano"]
[Result "0-1"]
[WhiteElo "1263"]
[BlackElo "1943"]
[PlyCount "63"]
[EventDate "2008.01.11"]

1. e4 Nc6 2. Nf3 a6 3. d4 d5 4. exd5 Qxd5 5. Nc3 Qh5 6. h3 e5 7. dxe5 Nxe5 8.
Nxe5 Qxe5+ 9. Qe2 Bd6 10. Qxe5+ Bxe5 11. Bd2 Be6 12. O-O-O O-O-O 13. Be2 Ne7
14. a3 Nd5 15. Nxd5 Bxd5 16. Rhe1 Bf6 17. g3 h5 18. Bd3 Bf3 19. Be2 Bxe2 20.
Rxe2 Rd7 21. Be3 Bxb2+ 22. Kxb2 Rxd1 23. Bf4 Kd7 24. c4 Re8 25. Rxe8 Kxe8 26.
Bxc7 Rd2+ 27. Kc3 Rxf2 28. Kb4 Rf3 29. a4 Kd7 30. Be5 f6 31. Bb8 Kc6 32. h4 0-1

[Event "C.to Provinciale PD-RO"]
[Site "Monselice ITA"]
[Date "2008.01.13"]
[Round "5"]
[White "Belloni, Umberto"]
[Black "Calicchia, Giovanni"]
[Result "1/2-1/2"]
[WhiteElo "1912"]
[BlackElo "1790"]
[PlyCount "34"]
[EventDate "2008.01.11"]

1. d4 Nf6 2. c3 d5 3. Bf4 c6 4. e3 Bf5 5. Bd3 Bxd3 6. Qxd3 Qb6 7. Qc2 Nbd7 8.
Nd2 e6 9. Ngf3 Be7 10. O-O O-O 11. b4 Qd8 12. e4 dxe4 13. Nxe4 Nxe4 14. Qxe4
Nf6 15. Qc2 h6 16. a3 Bd6 17. Bxd6 Qxd6 1/2-1/2

[Event "C.to Provinciale PD-RO"]
[Site "Monselice ITA"]
[Date "2008.01.13"]
[Round "5"]
[White "Chinello, Gianmarco"]
[Black "Bagolin, Renzo"]
[Result "1-0"]
[WhiteElo "2044"]
[BlackElo "1866"]
[PlyCount "69"]
[EventDate "2008.01.11"]

1. e4 e5 2. Nf3 Nc6 3. d4 exd4 4. Bc4 h6 5. Nxd4 Nf6 6. Nxc6 bxc6 7. e5 Nd5 8.
Bxd5 cxd5 9. Qxd5 Ba6 10. c4 Be7 11. O-O O-O 12. Bf4 Bg5 13. Bxg5 Qxg5 14. f4
Qf5 15. b3 c6 16. Qd4 Bb7 17. Nc3 Qg4 18. c5 Ba6 19. Rf3 Qf5 20. Ne4 Be2 21.
Rg3 Qe6 22. f5 Qxf5 23. e6 f6 24. Qxd7 g5 25. Re3 Bg4 26. Rf1 Qxe6 27. Qxe6+
Bxe6 28. Nxf6+ Kg7 29. Rxe6 Rac8 30. Nh5+ Kh7 31. Rxf8 Rxf8 32. Rxc6 Rd8 33.
Rd6 Rc8 34. Rd7+ Kg6 35. g4 1-0

[Event "C.to Provinciale PD-RO"]
[Site "Monselice ITA"]
[Date "2008.01.13"]
[Round "5"]
[White "Ferrari, Mario"]
[Black "Liberi, Michele"]
[Result "0-1"]
[WhiteElo "1842"]
[BlackElo "1593"]
[PlyCount "126"]
[EventDate "2008.01.11"]

1. e4 g6 2. d4 Bg7 3. Nf3 d6 4. Be3 Nd7 5. Qd2 b6 6. c3 Bb7 7. Bd3 h6 8. Qe2 e6
9. Nbd2 Ne7 10. Ba6 Qc8 11. Bxb7 Qxb7 12. Qd3 Nf6 13. h3 c5 14. e5 cxd4 15. Nc4
Ne4 16. cxd4 d5 17. Qxe4 dxe4 18. Nd6+ Kd7 19. Nxb7 exf3 20. gxf3 Nf5 21. Rd1
Rab8 22. Nd6 Nxd6 23. exd6 Rbc8 24. Bf4 Rc2 25. O-O Rhc8 26. Be5 f6 27. Bf4 g5
28. Be3 Rxb2 29. Rc1 Rcc2 30. a3 Bf8 31. f4 Bxd6 32. fxg5 hxg5 33. a4 Ra2 34.
Ra1 Rxa1 35. Rxa1 Bb4 36. Kg2 Bd2 37. Kf3 Kd6 38. Ke4 Bxe3 39. fxe3 Rh2 40. a5
Rxh3 41. axb6 axb6 42. Rb1 Rh4+ 43. Kf3 Kc6 44. Rc1+ Kb7 45. Kg3 f5 46. Rf1 b5
47. d5 f4+ 48. exf4 Rxf4 49. Rd1 e5 50. d6 Rd4 51. Re1 e4 52. Kg4 Kc6 53. d7
Kxd7 54. Kxg5 Ke6 55. Kf4 Kd5 56. Rb1 b4 57. Ke3 Rd3+ 58. Ke2 Kc4 59. Rc1+ Rc3
60. Rb1 b3 61. Kd2 Rc2+ 62. Ke1 b2 63. Kd1 Kc3 0-1

[Event "C.to Provinciale PD-RO"]
[Site "Monselice ITA"]
[Date "2008.01.13"]
[Round "5"]
[White "Rosina, Graziano"]
[Black "Temporin, Alberto"]
[Result "0-1"]
[WhiteElo "1776"]
[BlackElo "1865"]
[PlyCount "100"]
[EventDate "2008.01.11"]

1. e4 e5 2. Nc3 Nc6 3. Nf3 Nf6 4. Bb5 Bc5 5. Nxe5 Nxe5 6. d4 Bxd4 7. Qxd4 Nc6
8. Bxc6 dxc6 9. Qxd8+ Kxd8 10. Bg5 h6 11. Bxf6+ gxf6 12. O-O-O+ Ke7 13. f3 Be6
14. h3 Rad8 15. g4 Rxd1+ 16. Rxd1 h5 17. Rf1 hxg4 18. hxg4 Rh2 19. b3 Kd6 20.
Kd1 Kc5 21. Ne2 Kb4 22. Kd2 Ka3 23. Kd3 Kxa2 24. Nc3+ Ka3 25. Ra1+ Kb4 26. Rxa7
b5 27. Rxc7 Kc5 28. Ra7 Rf2 29. Ke3 Rxc2 30. Kd3 Rb2 31. e5 Rxb3 32. Kc2 Kd4
33. Ne4 Rxf3 34. Nxf6 Kxe5 35. g5 Rg3 36. Nd7+ Kf5 37. Nb8 Bd5 38. Rc7 Rg4 39.
Kd3 Kxg5 40. Rc8 Rc4 41. Nd7 Kf4 42. Rh8 Be4+ 43. Ke2 f5 44. Rh4+ Kg5 45. Rh8
Rc2+ 46. Ke3 Kg6 47. Kf4 Kg7 48. Rb8 Rf2+ 49. Ke5 Re2 50. Nf6 Bd5+ 0-1

[Event "C.to Provinciale PD-RO"]
[Site "Monselice ITA"]
[Date "2008.01.13"]
[Round "5"]
[White "Sinato, Fabrizio"]
[Black "Quaranta, Cristiano"]
[Result "0-1"]
[WhiteElo "1854"]
[BlackElo "2088"]
[PlyCount "170"]
[EventDate "2008.01.11"]

1. e4 e6 2. d4 d5 3. Nd2 Nc6 4. c3 e5 5. exd5 Qxd5 6. Ngf3 exd4 7. Bc4 Qh5 8.
O-O Nf6 9. Re1+ Be7 10. cxd4 O-O 11. Nf1 Bg4 12. Ng3 Bxf3 13. gxf3 Qa5 14. a3
Bd6 15. Bd2 Qb6 16. Bc3 Ne7 17. d5 Bxg3 18. hxg3 Ng6 19. Qd2 Rfd8 20. Rad1 Re8
21. Ba2 Rxe1+ 22. Rxe1 Rd8 23. Qg5 h6 24. Qf4 Qd6 25. Bxf6 Qxf6 26. Qxf6 gxf6
27. f4 Kf8 28. Kg2 Ne7 29. Rc1 Rd7 30. Kf3 f5 31. Ke3 Ke8 32. Rh1 Rd6 33. Bc4
a6 34. Rc1 Kd7 35. Rh1 Rf6 36. Kd4 Kd6 37. b4 Rg6 38. Rh5 Rf6 39. Bd3 Nxd5 40.
Rxf5 Rxf5 41. Bxf5 Nf6 42. Bc8 Kc6 43. Ke5 Nd7+ 44. Bxd7+ Kxd7 45. Kf6 Ke8 46.
g4 c6 47. f3 b6 48. f5 Kd7 49. Kxf7 c5 50. bxc5 bxc5 51. Kg6 c4 52. f6 c3 53.
f7 c2 54. f8=Q c1=Q 55. Qxh6 Qxa3 56. Qg7+ Kc6 57. Qf6+ Kb5 58. g5 a5 59. Kf7
Qb3+ 60. Kf8 Qb4+ 61. Ke8 Qe1+ 62. Qe7 Qxe7+ 63. Kxe7 a4 64. g6 a3 65. g7 a2
66. g8=Q a1=Q 67. Qd5+ Kb6 68. Qe6+ Kc5 69. f4 Qa7+ 70. Kf6 Kd4 71. f5 Qh7 72.
Qe5+ Kc4 73. Qe4+ Kc3 74. Qg4 Qh6+ 75. Kf7 Qd6 76. Kg7 Qd5 77. f6 Qe5 78. Qc8+
Kd4 79. Qd7+ Kc4 80. Qe7 Qg3+ 81. Kf8 Qh3 82. Qe5 Qc8+ 83. Kf7 Qd7+ 84. Qe7 Qd3
85. Ke6 85... Kb5 {phone default} 0-1

[Event "I Trofeo Giovanni Pico"]
[Site "Mirandola ITA"]
[Date "2008.01.11"]
[Round "1"]
[White "Bergis, Didier"]
[Black "Gilevych, Artem"]
[Result "0-1"]
[WhiteElo "1700"]
[BlackElo "2069"]
[PlyCount "108"]
[EventDate "2008.01.11"]

1. d4 d5 2. c4 c6 3. Nf3 Nf6 4. Nc3 e6 5. e3 Nbd7 6. Bd3 dxc4 7. Bxc4 b5 8. Bd3
a6 9. O-O c5 10. dxc5 Nxc5 11. Be2 Bb7 12. b4 Qxd1 13. Rxd1 Ncd7 14. a3 Rc8 15.
Bb2 Bxf3 16. Bxf3 Ne5 17. Be4 Nc4 18. Bc1 Nxe4 19. Nxe4 Be7 20. f4 f5 21. Nd2
Bf6 22. Ra2 Kf7 23. Nxc4 bxc4 24. Rad2 c3 25. Rd7+ Kg6 26. R7d6 c2 27. Rf1 Rhd8
28. Rxe6 Rd1 29. Rxa6 Rcd8 30. Rc6 Rxf1+ 31. Kxf1 Rd1+ 32. Kf2 Rxc1 33. b5 Rb1
34. Rxc2 Rxb5 35. a4 Ra5 36. Rc4 Kf7 37. Kf3 Ke6 38. e4 fxe4+ 39. Kxe4 Rh5 40.
f5+ Rxf5 41. Rc6+ Kd7 42. Kxf5 Kxc6 43. Kg4 Kc5 44. h4 Kb4 45. h5 h6 46. Kf4
Kxa4 47. Ke4 Kb4 48. Kf5 Kc5 49. Ke4 Kd6 50. Kf5 Kd5 51. g3 Ba1 52. g4 Bb2 53.
Kg6 Ke4 54. g5 hxg5 0-1

[Event "I Trofeo Giovanni Pico"]
[Site "Mirandola ITA"]
[Date "2008.01.11"]
[Round "1"]
[White "Boni, Gianni"]
[Black "Buriani, Andrea"]
[Result "0-1"]
[WhiteElo "1778"]
[BlackElo "2148"]
[PlyCount "108"]
[EventDate "2008.01.11"]

1. b3 d5 2. Bb2 Nf6 3. e3 Bg4 4. Nf3 Nbd7 5. h3 Bh5 6. d3 e6 7. Nbd2 h6 8. g4
Bg6 9. Qe2 Bb4 10. O-O-O Qe7 11. Ne5 Nxe5 12. Bxe5 O-O-O 13. Bg2 Rhg8 14. f4
Nd7 15. Bb2 Ba3 16. Rhf1 Bxb2+ 17. Kxb2 Nc5 18. e4 dxe4 19. dxe4 f6 20. Nc4 e5
21. fxe5 fxe5 22. Rd5 Nd7 23. Rfd1 Bf7 24. R5d2 Nf6 25. Bf3 Rxd2 26. Rxd2 Rd8
27. Rxd8+ Qxd8 28. Qd2 Bxc4 29. Qxd8+ Kxd8 30. bxc4 g5 31. Kb3 Kd7 32. Kb4 Kc6
33. a4 b6 34. Bg2 Nd7 35. Bf1 Nc5 36. a5 Nb7 37. axb6 cxb6 38. Bd3 Nc5 39. Kc3
Ne6 40. Kb4 Nf4 41. Bf1 a5+ 42. Kb3 Kc5 43. c3 Kc6 44. Ka4 Ne6 45. Kb3 Nc5+ 46.
Kc2 Kd6 47. Be2 Ne6 48. Bf1 Kc5 49. Kb3 Ng7 50. Bd3 Ne8 51. Ka4 Nc7 52. Be2 Ne6
53. Kb3 Kd6 54. Bd3 Nc5+ 0-1

[Event "I Trofeo Giovanni Pico"]
[Site "Mirandola ITA"]
[Date "2008.01.11"]
[Round "1"]
[White "Caramaschi, Vincenzo"]
[Black "Garofalo, Sergio"]
[Result "0-1"]
[WhiteElo "1458"]
[BlackElo "1882"]
[PlyCount "46"]
[EventDate "2008.01.11"]

1. e4 e5 2. Bc4 Bc5 3. c3 Qe7 4. b4 Bb6 5. Na3 Nf6 6. d3 h6 7. Nc2 c6 8. Be3 d5
9. Bxb6 dxc4 10. Bc5 Qe6 11. f3 cxd3 12. Qxd3 b6 13. Bf2 Ba6 14. Qd2 O-O 15.
Ne2 Nbd7 16. O-O Rad8 17. Qe3 Nh5 18. Rfd1 Qf6 19. Bg3 g5 20. Rd2 Nf4 21. Ncd4
exd4 22. Nxd4 Ne5 23. Rad1 Nc4 0-1

[Event "I Trofeo Giovanni Pico"]
[Site "Mirandola ITA"]
[Date "2008.01.11"]
[Round "1"]
[White "De Biaggi, Paolo"]
[Black "Dionigi, Riccardo"]
[Result "1-0"]
[WhiteElo "1968"]
[BlackElo "1554"]
[PlyCount "95"]
[EventDate "2008.01.11"]

1. e4 d5 2. exd5 Qxd5 3. Nc3 Qa5 4. d4 c6 5. a3 Nf6 6. h3 Bf5 7. Bd3 Bxd3 8.
Qxd3 e6 9. Bd2 Nbd7 10. Nf3 Qc7 11. O-O Bd6 12. Rfe1 O-O 13. Rad1 Rfe8 14. Bg5
Nd5 15. Ne4 Bf4 16. c4 N5b6 17. Bh4 Nf8 18. g3 Bh6 19. Ne5 f6 20. Ng4 f5 21.
Nxh6+ gxh6 22. Nf6+ Kh8 23. Nxe8 Rxe8 24. Qe3 Qg7 25. b3 Nbd7 26. f3 Ng6 27.
Kh2 f4 28. Qf2 Qf7 29. g4 e5 30. Re4 Rg8 31. Qe1 Qg7 32. Bf2 Nf6 33. dxe5 Nxe4
34. Qxe4 Re8 35. e6 Qb2 36. Kg1 Qxb3 37. Qd4+ Kg8 38. Rd3 Qb1+ 39. Kg2 Rxe6 40.
Rd1 Qb3 41. Rd2 Qxa3 42. h4 Qe7 43. Kh3 a6 44. Qb6 Kf7 45. h5 Ne5 46. Bh4 Nxc4
47. Qb1 Qc7 48. Qxh7+ 1-0

[Event "I Trofeo Giovanni Pico"]
[Site "Mirandola ITA"]
[Date "2008.01.11"]
[Round "1"]
[White "Fiorentini, Davide"]
[Black "Benincasa, Marco"]
[Result "1/2-1/2"]
[WhiteElo "1596"]
[BlackElo "1981"]
[PlyCount "143"]
[EventDate "2008.01.11"]

1. d4 Nf6 2. Nf3 c5 3. c3 e6 4. Bg5 Be7 5. e3 O-O 6. Bd3 d6 7. O-O Bd7 8. Nbd2
Nc6 9. b3 Rc8 10. c4 Nb4 11. Be2 a6 12. a3 Nc6 13. Rc1 Qa5 14. Nb1 Rfd8 15. Qd3
d5 16. dxc5 Qxc5 17. b4 Qb6 18. c5 Qc7 19. Nc3 Ne5 20. Nxe5 Qxe5 21. Bf4 Qf5
22. Qxf5 exf5 23. Bg5 Be6 24. Na4 d4 25. Nb6 Rc7 26. Bf4 Rc6 27. exd4 Rxd4 28.
Be5 Rd2 29. Bf3 Ne4 30. Rfe1 Bb3 31. Bxe4 fxe4 32. Rxe4 Re6 33. Ree1 Ra2 34.
Bd6 Bf6 35. Rxe6 Bxe6 36. a4 Bd4 37. Bg3 Rb2 38. Rd1 h6 39. h3 Rxb4 40. Bd6 a5
41. Be7 Kh7 42. Bd6 Kg6 43. Rd2 Bb3 44. c6 Rxb6 45. c7 Bxf2+ 46. Kxf2 Rc6 47.
Bf4 Be6 48. Rb2 Rc4 49. Bg3 Rxa4 50. Rxb7 Ra2+ 51. Kf1 Rxg2 52. Be1 Rc2 53. h4
a4 54. Ra7 a3 55. Rxa3 Rxc7 56. Kf2 Rc4 57. Kg3 Kh5 58. Kf3 g5 59. hxg5 hxg5
60. Re3 Bd5+ 61. Ke2 f5 62. Rh3+ Kg6 63. Re3 Be4 64. Rh3 Ra4 65. Rh8 Ra3 66.
Bd2 f4 67. Rh2 Kf5 68. Bb4 Ra2+ 69. Bd2 Kg4 70. Kd1 Kg3 71. Bxf4+ gxf4 72. Rxa2
1/2-1/2

[Event "I Trofeo Giovanni Pico"]
[Site "Mirandola ITA"]
[Date "2008.01.11"]
[Round "1"]
[White "Malfagia, Andrea"]
[Black "De Zaiacomo, Tonino"]
[Result "1-0"]
[WhiteElo "2264"]
[BlackElo "1792"]
[PlyCount "53"]
[EventDate "2008.01.11"]

1. d4 d5 2. c4 c6 3. Nc3 Nf6 4. cxd5 cxd5 5. Bf4 a6 6. e3 e6 7. Rc1 Bb4 8. Bd3
O-O 9. Nf3 Nc6 10. O-O Bd7 11. Ne5 Rc8 12. Bg5 Be7 13. f4 h6 14. Bh4 Ne8 15.
Bg3 f5 16. Qf3 Nf6 17. Bh4 Ne4 18. Bxe7 Nxe7 19. Bxe4 fxe4 20. Qh3 Rf6 21. Kh1
Ng6 22. Nxd5 Rxc1 23. Rxc1 exd5 24. Qxd7 Qa5 25. Qxb7 Qd2 26. Qc8+ Nf8 27. Qc3
1-0